Statistics for Miranda (TV show)

Click here to take the quiz!

General Stats

  • This quiz has been taken 1,509 times
    (810 since last reset)
  • The average score is 11 of 27

Answer Stats

HintAnswer% Correct
In real life, what is Miranda's surname?Hart
94%
What type of shop does Miranda own?A joke shop
90%
Who says the catch phrase 'such fun' in the show?Penny
89%
Who manages Miranda's shop?Stevie Sutton
77%
In series 2, Tilly's fiance becomes attracted to who?Miranda
73%
Miranda often gets called what because of her appearance?Sir
69%
Penny is desperate for what to happen to Miranda?Get married
62%
Who are Tilly and Fanny?Miranda's boarding school friends
61%
Gary Preston is played by who?Tom Ellis
61%
Clive runs what type of business?A restaurant
56%
In series 1, when a man leaves his wallet at the shop, Miranda and Stevie each get what animal to see who he prefers?a dog
45%
When Gary moves to Hong Kong, who takes his job?Danny
40%
Where does Miranda live?Above her shop
37%
Where is this person from?America
35%
What is Tilly's nickname for Miranda?Queen Kong
31%
In series 1, to avoid being set up by her mother, Miranda tells her what?She is a lesbian
26%
When Miranda goes to a Sushi restaurant with Tilly and Fanny, what becomes stuck to the conveyor belt?Her necklace
24%
In series 2, after Miranda's Christmas presents haven't arrived and she battles with the automated machine, what word doesn't it understand?Tuesday
24%
In series 2, Clive lets it slip that Gary is married to who?Tamara
23%
Stevie sings 'What have you done today to feel proud' whilst holding which famous singer face?Heather Small
19%
In series 2, after attending a funeral of a relative, what happens to Miranda when she is walking through the cemetry?Falls into a coffin plot
18%
Which actor plays 'Dreamboat' Charlie?Adrian Scarborough
14%
And, who is she?New waitress at the restaurant
11%
Who was that person married to in real life?Tamzin Outhwaite
7%
What does every episode start with?Miranda sitting at home on the sofa
6%
Miranda is known to do what in social situations?Embarrass herself
4%
Sarah Hadland appeared in which other BBC show?Waterloo Road
1%

Score Distribution

Percentile by Number Answered

Percent of People with Each Score

Your Score History

You have not taken this quiz since the last reset